Countries With A 'H' In Them Quiz Stats

 Plays Quiz not verified by Sporcle

Challenge
Share
Tweet
Embed
Score 0/32 Timer 10:00
0 Plays Today
Capital Country % Correct
AmsterdamNetherlands
96.9%
SeoulSouth Korea
96.9%
BangkokThailand
96.9%
BeijingChina
95.9%
Port-au-PrinceHaiti
95.9%
SantiagoChile
94.8%
BudapestHungary
94.8%
Pretoria,Cape Town and BloemfonteinSouth Africa
94.8%
KabulAfghanistan
92.8%
VilniusLithuania
92.8%
PyongyangNorth Korea
92.8%
PragueCzech Republic
91.8%
SarajevoBosnia and Herzegovina
90.7%
ManilaPhilippines
89.7%
TegucigalpaHonduras
88.7%
JubaSouth Sudan
88.7%
Capital Country % Correct
Addis AbabaEthiopia
87.6%
AstanaKazakhstan
87.6%
NassauBahamas
86.6%
AccraGhana
85.6%
VaduzLiechtenstein
84.5%
DhakaBangladesh
82.5%
N'DjamenaChad
82.5%
ThimpuBhutan
79.4%
ManamaBahrain
77.3%
KinshasaDemocratic Republic of the Congo
75.3%
VictoriaSeychelles
69.1%
MaseruLesotho
67%
BrazzavilleRepublic of the Congo
67%
MajuroMarshall Islands
63.9%
KingstownSaint Vincent and the Grenadines
60.8%
BanjulThe Gambia
55.7%

You're not logged in!

Compare scores with friends on all Sporcle quizzes.
OR
Log In

You Might Also Like...

Show Comments

Extras

Created Jan 28, 2013ReportNominate
Tags:Capital Quiz, Country Quiz

Top Quizzes Today


Score Distribution

Your Account Isn't Verified!

In order to create a playlist on Sporcle, you need to verify the email address you used during registration. Go to your Sporcle Settings to finish the process.

Report this User

Report this user for behavior that violates our Community Guidelines.

Details: